Consideraciones sobre la aplicación por primera vez de la NIIF para las PYMESen entes pequeños y medianos de la Argentina (Registro nro. 17845)

Detalles MARC
000 -LEADER
fixed length control field 00540 a2200145 4500
001 - CONTROL NUMBER
control field ART_46057
005 - DATE AND TIME OF LATEST TRANSACTION
control field 20260410161731.0
008 - FIXED-LENGTH DATA ELEMENTS--GENERAL INFORMATION
fixed length control field 260409a
100 1# - MAIN ENTRY--PERSONAL NAME
Personal name Rondi, Gustavo R.
245 10 - TITLE STATEMENT
Title Consideraciones sobre la aplicación por primera vez de la NIIF para las PYMESen entes pequeños y medianos de la Argentina
700 1# - ADDED ENTRY--PERSONAL NAME
Personal name Casal, María del Carmen
700 1# - ADDED ENTRY--PERSONAL NAME
Personal name Gómez, Melisa
700 1# - ADDED ENTRY--PERSONAL NAME
Personal name Galante, Marcelo J.
773 0# - HOST ITEM ENTRY
Title Escritos contables y de administración
Related parts - Vol. 6, Nº 1 (ene./jun. 2015)
Record control number REV2758

No hay ítems disponibles.